Astronomy and Astrophysics Abstracts (Record no. 9777)

MARC details
000 -LEADER
fixed length control field 00952nam a2200289Ia 4500
003 - CONTROL NUMBER IDENTIFIER
control field IN-BaIIA
008 - FIXED-LENGTH DATA ELEMENTS--GENERAL INFORMATION
fixed length control field 211028s9999 xx 000 0 eng d
020 ## - INTERNATIONAL STANDARD BOOK NUMBER
International Standard Book Number 3-540-52308-1
040 ## - CATALOGING SOURCE
Transcribing agency IIA Library
080 ## - UNIVERSAL DECIMAL CLASSIFICATION NUMBER
Universal Decimal Classification number 049.1:52
Item number AAA-49A
245 #0 - TITLE STATEMENT
Title Astronomy and Astrophysics Abstracts
Remainder of title vol. 49B, 1989, pt.1
Statement of responsibility, etc. edited by G. Burkhardt…[ et al.]
260 ## - PUBLICATION, DISTRIBUTION, ETC.
Place of publication, distribution, etc. Berlin
Name of publisher, distributor, etc. Springer-Verlag
Date of publication, distribution, etc. 1990
300 ## - PHYSICAL DESCRIPTION
Extent vi, 639p.
650 ## - SUBJECT ADDED ENTRY--TOPICAL TERM
Topical term or geographic name entry element Abstracts-Astronomy
650 ## - SUBJECT ADDED ENTRY--TOPICAL TERM
Topical term or geographic name entry element Astronomy and Astrophysics Thesaurus
650 ## - SUBJECT ADDED ENTRY--TOPICAL TERM
Topical term or geographic name entry element Astrophysics
9 (RLIN) 794
700 ## - ADDED ENTRY--PERSONAL NAME
Personal name Burkhardt G., ed.
9 (RLIN) 16553
700 ## - ADDED ENTRY--PERSONAL NAME
Personal name Hefele, H., ed.
9 (RLIN) 12355
700 ## - ADDED ENTRY--PERSONAL NAME
Personal name Heinrich, I., ed.
9 (RLIN) 12356
700 ## - ADDED ENTRY--PERSONAL NAME
Personal name Hofmann, W., ed.
9 (RLIN) 12357
700 ## - ADDED ENTRY--PERSONAL NAME
Personal name Krahn, D., ed.
9 (RLIN) 6056
700 ## - ADDED ENTRY--PERSONAL NAME
Personal name Matas, V R., ed.
9 (RLIN) 15488
700 ## - ADDED ENTRY--PERSONAL NAME
Personal name Schmadel, L D., ed.
9 (RLIN) 15489
700 ## - ADDED ENTRY--PERSONAL NAME
Personal name Wielen, R., ed.
9 (RLIN) 16554
700 ## - ADDED ENTRY--PERSONAL NAME
Personal name Zech, G., ed.
9 (RLIN) 16352
942 ## - ADDED ENTRY ELEMENTS (KOHA)
Koha item type Books
Holdings
Withdrawn status Lost status Damaged status Not for loan Home library Current library Shelving location Date acquired Total Checkouts Full call number Barcode Date last seen Price effective from Koha item type
        IIA Library-Bangalore IIA Library-Kavalur General Stacks     049.1:52/ AAA-49A 10687 05/11/2021   Books

Powered by Koha